| 000 | 00583nam a2200169 a 4500 | ||
|---|---|---|---|
| 001 | 000029153 | ||
| 005 | 20200930055348.0 | ||
| 008 | 110413s2010 dr ad 000 0 spa d | ||
| 020 | _a9789945140866 | ||
| 040 |
_aDO-SdBNP _bspa _cBNPHU |
||
| 082 |
_axxxx _bR426 |
||
| 245 | 0 | 0 |
_aRepública Dominicana 2010-2020 : _bInforme de la Comisión Internacional para el Desarrollo Estratégico de la República Dominicana /. |
| 260 |
_aSanto Domingo : _bAttali & Associés _bEditora Corripio, _c2010. |
||
| 300 |
_a143 p. : _bil., gráf. ; _c28 cm. |
||
| 700 | 1 |
_aAttali, _956061 |
|
| 049 | _aBNPD | ||
| 999 |
_c28645 _d28645 |
||